Toward a structural theory of action: network models of social structure. perception, and action

Guardat en:
Dades bibliogràfiques
Autor principal: Burt, Ronald S.
Format: Desconegut
Idioma:anglès
Publicat: New York, Estados Unidos Academic Press 1982
Col·lecció:Quantitative Studies in Social Relations
Matèries:
Etiquetes: Afegir etiqueta
Sense etiquetes, Sigues el primer a etiquetar aquest registre!

MARC

LEADER 00000 a2200000 4500
003 CL-VaPUC
005 20231107103822.0
008 200319b ||||| |||| 00| 0 eng d
999 |c 416883  |d 416881 
020 |a 0121471500 
040 |c Pontificia Universidad Católica de Valparaíso 
082 0 4 |2 21  |a 302 BUR 1982 
100 1 |a Burt, Ronald S.  |9 719924 
245 1 0 |a Toward a structural theory of action: network models of social structure. perception, and action 
260 3 |b Academic Press  |c 1982  |a New York, Estados Unidos 
300 |a 381 p 
490 0 |a Quantitative Studies in Social Relations 
505 |a 1. Introduction. 2. Network structure: the social structure. 3. Stratification in elite sociological methodology. 4. Stratification in american manufacturing. 5. Interest: the perception of utility. 6. Conformity and deviance with respect to journal norms in elite sociological methodology. 7. Autonomy and Cooptation. 8. Market constraints and directorate ties with respect to american manufacturing industries. 9. Toward a structural theory of action. 
583 |k Hugo Gaete  |c 20200319 
650 0 0 |a Estructuralismo  |9 265696 
650 0 0 |a Acción social  |9 307836 
650 0 0 |a Sociología   |9 255410 
942 |2 ddc  |c BK 
952 |0 0  |1 0  |2 ddc  |4 0  |6 302_000000000000000_BUR_1982  |7 0  |8 R  |9 551565  |a BIBING  |b BIBING  |c RES  |d 2020-03-06  |e 87  |g 81212.00  |i 5573475  |o 302 BUR 1982  |p 5573475  |r 2025-01-20  |t 1  |v 81212.00  |w 2020-03-06  |y BK  |k EII